<?xml version="1.0" encoding="UTF-8"?>
<record
    xmlns:xsi="http://www.w3.org/2001/XMLSchema-instance"
    xsi:schemaLocation="http://www.loc.gov/MARC21/slim http://www.loc.gov/standards/marcxml/schema/MARC21slim.xsd"
    xmlns="http://www.loc.gov/MARC21/slim">

  <leader>03166nam a2200289 a 4500</leader>
  <controlfield tag="001">000048823</controlfield>
  <controlfield tag="003">DO-SdBNP</controlfield>
  <controlfield tag="005">20211013085316.0</controlfield>
  <controlfield tag="007">ta</controlfield>
  <controlfield tag="008">190415s2016    dr ac         000 m spa d</controlfield>
  <datafield tag="040" ind1=" " ind2=" ">
    <subfield code="a">DO-SdBNP</subfield>
    <subfield code="b">spa</subfield>
    <subfield code="c">BNPHU</subfield>
  </datafield>
  <datafield tag="082" ind1=" " ind2="4">
    <subfield code="a">BNPHU 374</subfield>
    <subfield code="b">R426d</subfield>
  </datafield>
  <datafield tag="110" ind1="1" ind2=" ">
    <subfield code="a">Rep&#xFA;blica Dominicana.</subfield>
    <subfield code="b">Ministerio de Educaci&#xF3;n. Viceministerio de Servicios T&#xE9;cnicos y Pedag&#xF3;gicos. Subsistema de Educaci&#xF3;n de J&#xF3;venes y Adultos</subfield>
    <subfield code="9">76280</subfield>
  </datafield>
  <datafield tag="245" ind1="1" ind2="0">
    <subfield code="a">Dise&#xF1;o curricular del nivel b&#xE1;sico :</subfield>
    <subfield code="b">segundo ciclo. Versi&#xF3;n preliminar /</subfield>
    <subfield code="c">edici&#xF3;n Miriam Camilo Recio, Julia Bayona Mendoza</subfield>
  </datafield>
  <datafield tag="260" ind1=" " ind2=" ">
    <subfield code="a">Santo Domingo</subfield>
    <subfield code="a">Ministerio de Educaci&#xF3;n,</subfield>
    <subfield code="c">2016.</subfield>
  </datafield>
  <datafield tag="300" ind1=" " ind2=" ">
    <subfield code="a">179 p. :</subfield>
    <subfield code="b">il., mapas, retrs. ;</subfield>
    <subfield code="c">27 cm.</subfield>
  </datafield>
  <datafield tag="505" ind1="0" ind2=" ">
    <subfield code="a">primera parte</subfield>
    <subfield code="t">Procesos de revisi&#xF3;n y actualizaci&#xF3;n curricular de la educaci&#xF3;n para personas j&#xF3;venes y adultas -- Antecedes -- Referencias Nacionales -- Referencias Internacionales</subfield>
    <subfield code="t">Subsistema de Educaci&#xF3;n de J&#xF3;venes y Adultos en la Rep&#xFA;blica Dominicana -- Fundamentos jur&#xED;dicos y estructura del Subsistema -- Naturaleza y funciones de la Educaci&#xF3;n B&#xE1;sica de Personas J&#xF3;venes y Adultas (EDPJA) -- Estructura de la Educaci&#xF3;n EDBJA -- Perfil de egreso del Nivel B&#xE1;sico --</subfield>
    <subfield code="t">Contexto de la educaci&#xF3;n para personas j&#xF3;venes y adultas -- Educaci&#xF3;n y contexto social -- Caracter&#xED;sticas de la poblaci&#xF3;n joven y adulta que ingresa a la EDPJA --</subfield>
    <subfield code="t">Construcci&#xF3;n de un curr&#xED;culo flexible y de calidad -- Concepto Curriculum -- Fundamentos -- Criterios --</subfield>
    <subfield code="t">Modelo flexible para la educaci&#xF3;n de personas j&#xF3;venes y adultas y estrategia nacional de desarrollo -- Justificaci&#xF3;n y orientaciones del modelo flexible -- Prop&#xF3;sitos del modelo -- Caracter&#xED;sticas del modelo --</subfield>
    <subfield code="t">Componentes del modelo educativo para personas j&#xF3;venes y adultas -- El curr&#xED;culo de la Educaci&#xF3;n de Personas y J&#xF3;venes y Adultas -- El Sistema Nacional de Evaluaci&#xF3;n y Acreditaci&#xF3;n de Aprendizajes -- El Sistema de Gesti&#xF3;n de la Educaci&#xF3;n de Personas J&#xF3;venes y Adultas -- Formaci&#xF3;n y capacitaci&#xF3;n de docentes educadores -- Medios y recursos para el aprendizaje --</subfield>
  </datafield>
  <datafield tag="505" ind1="0" ind2=" ">
    <subfield code="a">Segunda parte</subfield>
    <subfield code="t">Competencias fundamentales y espec&#xED;ficas del curr&#xED;culo de la educaci&#xF3;n b&#xE1;sica de personas j&#xF3;venes y adultas -- Competencias fundamentales -- Competencias espec&#xED;ficas -- El proceso de alfabetizaci&#xF3;n en la educaci&#xF3;n b&#xE1;sica de personas j&#xF3;venes y adultas -- La Lengua Espa&#xF1;ola/alfabetizaci&#xF3;n en la Educaci&#xF3;n de Persona J&#xF3;venes y Adultas -- Las Matem&#xE1;ticas en la Educaci&#xF3;n de Personas J&#xF3;venes y Adultas -- Las Ciencias Sociales en la Educaci&#xF3;n de Personas J&#xF3;venes y Adultas -- Las Ciencias de la Naturaleza en la Educaci&#xF3;n de Personas J&#xF3;venes y Adultas -- Malla curricular del segundo ciclo -- M&#xF3;dulos del Segundo Ciclo -- Descripci&#xF3;n del formato de malla curricular -- Competencias, contenidos e indicadores de logro (Malla Curricular) --</subfield>
  </datafield>
  <datafield tag="590" ind1=" " ind2=" ">
    <subfield code="a">Inventariado, 2019/LP</subfield>
  </datafield>
  <datafield tag="650" ind1="1" ind2="4">
    <subfield code="a">Educaci&#xF3;n de adultos</subfield>
    <subfield code="9">1419</subfield>
  </datafield>
  <datafield tag="650" ind1="1" ind2="4">
    <subfield code="a">Dise&#xF1;o curricular</subfield>
    <subfield code="9">78412</subfield>
  </datafield>
  <datafield tag="650" ind1="1" ind2="4">
    <subfield code="a">Curr&#xED;culo</subfield>
    <subfield code="9">35953</subfield>
  </datafield>
  <datafield tag="700" ind1="1" ind2=" ">
    <subfield code="a">Bayona Mendoza, Julia,</subfield>
    <subfield code="e">ed.</subfield>
    <subfield code="9">76281</subfield>
  </datafield>
  <datafield tag="700" ind1="1" ind2=" ">
    <subfield code="a">Camilo Recio, Miriam,</subfield>
    <subfield code="e">ed.</subfield>
    <subfield code="9">37246</subfield>
  </datafield>
  <datafield tag="910" ind1=" " ind2=" ">
    <subfield code="a">L/P</subfield>
  </datafield>
  <datafield tag="942" ind1=" " ind2=" ">
    <subfield code="2">ddc</subfield>
    <subfield code="c">LBS1</subfield>
  </datafield>
  <datafield tag="952" ind1=" " ind2=" ">
    <subfield code="0">0</subfield>
    <subfield code="1">0</subfield>
    <subfield code="2">ddc</subfield>
    <subfield code="7">1</subfield>
    <subfield code="8">PD</subfield>
    <subfield code="a">BNPHU</subfield>
    <subfield code="b">PD</subfield>
    <subfield code="c">HD</subfield>
    <subfield code="d">2019-04-15</subfield>
    <subfield code="l">0</subfield>
    <subfield code="o">BNPHU PD 374 R426d</subfield>
    <subfield code="p">48823-10</subfield>
    <subfield code="r">2020-06-25</subfield>
    <subfield code="w">2020-06-25</subfield>
    <subfield code="y">LFPD</subfield>
  </datafield>
  <datafield tag="999" ind1=" " ind2=" ">
    <subfield code="c">48311</subfield>
    <subfield code="d">48311</subfield>
  </datafield>
</record>
